[Event "MNT-chT1"]
[Site "Podgorica"]
[Date "2007.10.14"]
[Round "6"]
[White "Rakocevic, Zeljko"]
[Black "Andjic, Milonja"]
[Result "0-1"]
[WhiteElo "2107"]
[BlackElo "2082"]
[PlyCount "120"]
[EventDate "2007.08.26"]
[EventType "team-tourn"]
[EventRounds "9"]
[EventCountry "MNE"]
[SourceTitle "EXT 2009"]
[Source "ChessBase"]
[SourceDate "2008.11.26"]
[SourceVersion "1"]
[SourceVersionDate "2008.11.26"]
[SourceQuality "1"]

1. d4 Nf6 2. c4 e6 3. Nc3 Bb4 4. a3 Bxc3+ 5. bxc3 c5 6. f3 d5 7. Bg5 Qa5 8. Bd2 dxc4 9. e4 cxd4 10. cxd4 c3 11. Be3 Bd7 12. Qb3 0-0 13. Bd3 Ba4 14. Qb4 Nc6 15. Qxa5 Nxa5 16. Ne2 Rac8 17. Rb1 Bb3 18. Nc1 Bc4 19. Bc2 Ba6 20. Nb3 Nc4 21. Kf2 Nxa3 22. Rbc1 Bc4 23. Na5 b6 24. Nxc4 Nxc4 25. Bf4 Nh5 26. Be3 Rfd8 27. Bb3 Na5 28. Ba4 a6 29. Ra1 Nc4 30. Bb3 a5 31. Rhc1 Nd6 32. e5 Nb5 33. g4 Nxd4 34. Bxd4 Rxd4 35. gxh5 Rh4 36. Kg3 Rxh5 37. f4 g5 38. Rc2 gxf4+ 39. Kxf4 Rc5 40. Re1 b5 41. Rg2+ Kf8 42. Bc2 Rc4+ 43. Re4 Rc5 44. Re3 h6 45. h3 Rh4+ 46. Rg4 Rc4+ 47. Kg3 Rhxg4+ 48. hxg4 a4 49. Kf3 Ke7 50. Re4 a3 51. Re1 Rd4 52. Ra1 b4 53. Ke3 Rxg4 54. Ba4 h5 55. Kd3 h4 56. Kc2 h3 57. Bc6 h2 58. Rh1 Rg1 59. Kb3 Rxh1 60. Bxh1 f6 0-1

[Event "MNT-chT1"]
[Site "Podgorica"]
[Date "2007.09.30"]
[Round "5"]
[White "Mrsevic, Miroslav"]
[Black "Rakocevic, Zeljko"]
[Result "1-0"]
[WhiteElo "2313"]
[BlackElo "2107"]
[PlyCount "66"]
[EventDate "2007.08.26"]
[EventType "team-tourn"]
[EventRounds "9"]
[EventCountry "MNE"]
[SourceTitle "EXT 2009"]
[Source "ChessBase"]
[SourceDate "2008.11.26"]
[SourceVersion "1"]
[SourceVersionDate "2008.11.26"]
[SourceQuality "1"]

1. e4 c5 2. Nf3 g6 3. d3 Bg7 4. g3 d6 5. Bg2 Nc6 6. 0-0 Bd7 7. Nc3 h6 8. Be3 g5 9. h4 g4 10. Nh2 h5 11. f3 Be5 12. f4 Bg7 13. Qd2 Qa5 14. a3 Rb8 15. Rfb1 b5 16. b4 cxb4 17. axb4 Qc7 18. d4 e6 19. d5 Nxb4 20. Bd4 e5 21. fxe5 dxe5 22. Bxa7 Rc8 23. Rb3 Bf8 24. Be3 Nxc2 25. Ra7 Qc4 26. Qxc2 Bc5 27. Bxc5 Qxc5+ 28. Qf2 Qc4 29. Nxb5 Qxb3 30. Nd6+ Kd8 31. Nxf7+ Ke7 32. Nxh8 Qd1+ 33. Nf1 Qd4 1-0

[Event "Bar Sozina op"]
[Site "Bar"]
[Date "2006.03.18"]
[Round "1"]
[White "Rakocevic, Zeljko"]
[Black "Ivanovic, Bozidar"]
[Result "0-1"]
[WhiteElo "2121"]
[BlackElo "2444"]
[PlyCount "88"]
[EventDate "2006.03.18"]
[EventType "swiss"]
[EventRounds "9"]
[EventCountry "YUG"]
[SourceTitle "CBM 111 Extra"]
[Source "ChessBase"]
[SourceDate "2006.05.09"]
[SourceVersion "1"]
[SourceVersionDate "2006.05.09"]
[SourceQuality "1"]

1. d4 Nf6 2. c4 e6 3. Nc3 c5 4. d5 exd5 5. cxd5 d6 6. e4 g6 7. f3 Bg7 8. Be2 0-0 9. h4 a6 10. a4 Re8 11. Nh3 Nh5 12. g4 Ng3 13. Rh2 Nxe2 14. Qxe2 Nd7 15. h5 Ne5 16. hxg6 hxg6 17. Nf2 Rb8 18. Rh3 c4 19. Kf1 b5 20. axb5 axb5 21. Kg2 Bd7 22. Bh6 Bxh6 23. Rxh6 b4 24. Qe3 bxc3 25. Rah1 Qf6 26. g5 Qg7 27. bxc3 Rb2 28. Kg3 Ra8 29. Qf4 Rxf2 30. Rh8+ Qxh8 31. Rxh8+ Kxh8 32. Qf6+ Kg8 33. Kxf2 Bg4 34. Qxd6 Nxf3 35. Qc7 Nxg5 36. Qxc4 Rc8 37. Qb4 Rxc3 38. e5 Rf3+ 39. Kg2 Bh3+ 40. Kh2 Rf2+ 41. Kg3 Rg2+ 42. Kh4 Bf5 43. Qf4 Kg7 44. e6 Nf3+ 0-1

[Event "Belgrade Zimski op"]
[Site "Belgrade"]
[Date "2005.01.29"]
[Round "7"]
[White "Antonic, Dusan"]
[Black "Rakocevic, Zeljko"]
[Result "1-0"]
[WhiteElo "2061"]
[BlackElo "2146"]
[PlyCount "61"]
[EventDate "2005.01.22"]
[EventType "swiss"]
[EventRounds "9"]
[EventCountry "YUG"]
[SourceTitle "CBM 104 Extra"]
[Source "ChessBase"]
[SourceDate "2005.03.01"]
[SourceVersion "1"]
[SourceVersionDate "2005.03.01"]
[SourceQuality "1"]

1. d4 Nf6 2. c4 g6 3. f3 Bg7 4. e4 d6 5. Be3 0-0 6. Nc3 c6 7. Bd3 Nbd7 8. Nge2 e5 9. d5 c5 10. Qd2 a6 11. a4 Kh8 12. g4 Ng8 13. h4 f5 14. exf5 gxf5 15. gxf5 h5 16. Ng3 Ndf6 17. Bg5 Qe8 18. 0-0 Kh7 19. Rae1 Bh6 20. f4 Ng4 21. f6+ Kh8 22. fxe5 dxe5 23. Nce4 Qd7 24. Nxc5 Qf7 25. Nce4 Qd7 26. Nf5 N4xf6 27. Nxh6 Nxh6 28. Bxf6+ Kg8 29. Qg5+ Kf7 30. Qxh5+ Kg8 31. Qg6+ 1-0

[Event "Belgrade Zimski op"]
[Site "Belgrade"]
[Date "2005.01.26"]
[Round "4"]
[White "Rakocevic, Zeljko"]
[Black "Rajcevic, Stevan"]
[Result "0-1"]
[WhiteElo "2146"]
[BlackElo "2146"]
[PlyCount "52"]
[EventDate "2005.01.22"]
[EventType "swiss"]
[EventRounds "9"]
[EventCountry "YUG"]
[SourceTitle "CBM 104 Extra"]
[Source "ChessBase"]
[SourceDate "2005.03.01"]
[SourceVersion "1"]
[SourceVersionDate "2005.03.01"]
[SourceQuality "1"]

1. d4 d5 2. c4 Nf6 3. Nc3 c6 4. Nf3 dxc4 5. a4 Bf5 6. Bg5 Ne4 7. e3 Qa5 8. Qc1 e6 9. Bf4 Bb4 10. Nd2 Nxc3 11. bxc3 Bxc3 12. Ra2 Nd7 13. Bxc4 Nb6 14. Bb3 Bd3 15. Bc2 Bc4 16. Ra3 Qb4 17. Rxc3 Qxc3 18. Qb1 0-0-0 19. Kd1 Nd5 20. Ne4 Qa3 21. Bd6 Rxd6 22. Nxd6+ Qxd6 23. Kd2 Rd8 24. Bxh7 g6 25. Qc2 Qb4+ 26. Kc1 Rh8 0-1